[Event "FRA-chT1 1011"]
[Site "France"]
[Date "2010.12.11"]
[Round "4.8"]
[White "Lebel Arias, Julia"]
[Black "Batteau, Valerie"]
[Result "0-1"]
[WhiteElo "1936"]
[BlackElo "1886"]
[PlyCount "77"]
[EventDate "2010.10.17"]
[EventType "team-tourn"]
[EventRounds "11"]
[EventCountry "FRA"]
[SourceTitle "EXT 2012"]
[Source "ChessBase"]
[SourceDate "2011.11.24"]
[SourceVersion "1"]
[SourceVersionDate "2011.11.24"]
[SourceQuality "1"]

1. d4 Nf6 2. e3 e6 3. Bd3 c5 4. Nd2 Nc6 5. Ngf3 b6 6. c3 Bb7 7. 0-0 Be7 8. Qe2 0-0 9. Ne5 cxd4 10. exd4 d6 11. Ng4 Qd7 12. f4 Rfe8 13. Nxf6+ Bxf6 14. Ne4 Bd8 15. Qh5 f5 16. Ng3 g6 17. Qh3 Bf6 18. Bd2 Kh8 19. Rae1 Re7 20. Ne2 Rae8 21. Bb5 a6 22. Ba4 b5 23. Bc2 e5 24. dxe5 dxe5 25. Rd1 e4 26. Be3 Qc7 27. a3 Na5 28. g4 Bc8 29. g5 Bg7 30. Nd4 Nc4 31. Bc1 Bb7 32. b3 Nb6 33. Bb2 e3 34. Bxf5 e2 35. Bxg6 Bxd4+ 36. cxd4 exf1Q+ 37. Rxf1 Re2 38. d5+ Rxb2 39. b4 0-1

[Event "FRA-chT Top 16 Gp Basse"]
[Site "Guingamp"]
[Date "2010.06.06"]
[Round "11.8"]
[White "Basic, Bosko"]
[Black "Batteau, Valerie"]
[Result "1-0"]
[WhiteElo "2067"]
[BlackElo "1906"]
[PlyCount "103"]
[EventDate "2010.06.03"]
[EventType "team-tourn"]
[EventRounds "11"]
[EventCountry "FRA"]
[SourceTitle "EXT 2011"]
[Source "ChessBase"]
[SourceDate "2010.11.26"]
[SourceVersion "1"]
[SourceVersionDate "2010.11.26"]
[SourceQuality "1"]
[WhiteTeam "Deauville"]
[BlackTeam "Lyon Olympique"]
[WhiteTeamCountry "FRA"]
[BlackTeamCountry "FRA"]

1. Nf3 c5 2. c4 Nf6 3. g3 Nc6 4. Bg2 g6 5. 0-0 Bg7 6. Nc3 0-0 7. d3 a6 8. Bg5 d6 9. Qd2 Bd7 10. Bh6 Rb8 11. Bxg7 Kxg7 12. Ng5 b5 13. b3 Nd4 14. e3 Ne6 15. h4 h6 16. Nge4 Ne8 17. Qb2 Kh7 18. Qc2 Kg8 19. Nd5 N8c7 20. Nec3 Nxd5 21. Nxd5 Nc7 22. Nf4 Ne6 23. Ne2 Qb6 24. Rab1 Nc7 25. Qd2 Kh7 26. f4 e6 27. Kh2 Bc6 28. e4 d5 29. f5 dxe4 30. fxg6+ fxg6 31. Bxe4 Bxe4 32. dxe4 Rbd8 33. Qc3 Qd6 34. e5 Qe7 35. Nf4 Rd4 36. h5 Qg5 37. hxg6+ Kg7 38. Qf3 Rf5 39. Nxe6+ Nxe6 40. Qxf5 Rd2+ 41. Kh3 Qxf5+ 42. Rxf5 Ng5+ 43. Kg4 Re2 44. Rd1 Kxg6 45. Rf6+ Kg7 46. Rd7+ Kg8 47. Rxh6 Nf7 48. Rg6+ Kf8 49. Rf6 bxc4 50. Rfxf7+ Ke8 51. Rde7+ Kd8 52. Ra7 1-0

[Event "FRA-chT Top 16 Gp Basse"]
[Site "Guingamp"]
[Date "2010.06.04"]
[Round "9.8"]
[White "Lefevre, Margaux"]
[Black "Batteau, Valerie"]
[Result "1-0"]
[WhiteElo "2023"]
[BlackElo "1906"]
[PlyCount "155"]
[EventDate "2010.06.03"]
[EventType "team-tourn"]
[EventRounds "11"]
[EventCountry "FRA"]
[SourceTitle "EXT 2011"]
[Source "ChessBase"]
[SourceDate "2010.11.26"]
[SourceVersion "1"]
[SourceVersionDate "2010.11.26"]
[SourceQuality "1"]
[WhiteTeam "Drancy"]
[BlackTeam "Lyon Olympique"]
[WhiteTeamCountry "FRA"]
[BlackTeamCountry "FRA"]

1. e4 c5 2. Nf3 Nc6 3. d4 cxd4 4. Nxd4 e6 5. Nb5 d6 6. Bf4 e5 7. Be3 a6 8. N5c3 Nf6 9. Bg5 Be7 10. Bxf6 Bxf6 11. Nd5 0-0 12. Na3 b5 13. c3 Bg5 14. g3 Ne7 15. Bg2 Bb7 16. Nxe7+ Qxe7 17. 0-0 Kh8 18. Qd3 Rad8 19. Rfe1 Ba8 20. Nc2 g6 21. Nb4 Qb7 22. Qf1 Qa7 23. a4 Qb6 24. axb5 axb5 25. Ra6 Qc5 26. Ra5 Rb8 27. Rea1 Qc4 28. Qxc4 bxc4 29. Ra7 Bb7 30. Re1 Kg8 31. Bf1 Rfc8 32. Bh3 Rc5 33. Rd1 Rb5 34. Bf1 Bxe4 35. Bxc4 R5b7 36. Ra5 Be7 37. Bd5 Bxd5 38. Raxd5 Bf8 39. R5d2 f5 40. Kf1 Kf7 41. Ke2 Ke6 42. Ra1 Rb5 43. Ra6 R8b6 44. Rxb6 Rxb6 45. Nd5 Rb7 46. b4 e4 47. c4 Bg7 48. Ra2 Bd4 49. Ra6 Ra7 50. Rxa7 Bxa7 51. f3 exf3+ 52. Kxf3 g5 53. Ke2 h6 54. Kd3 Bg1 55. h3 Bf2 56. g4 f4 57. Ke4 Bg1 58. Nc3 Bf2 59. Nd1 Be1 60. b5 Ba5 61. Nb2 Kd7 62. Nd3 Ke6 63. Nc1 Bb6 64. Nb3 Bg1 65. Nd2 Bb6 66. Nf3 Bc5 67. h4 gxh4 68. Nxh4 Bf2 69. Nf5 Be3 70. Nxh6 Kf6 71. Nf5 Bc5 72. Kxf4 Ke6 73. Ke4 Bb6 74. Nd4+ Kf6 75. Kd5 Kg5 76. Ne6+ Kxg4 77. Kxd6 Kf5 78. c5 1-0

[Event "FRA-chB (Women)"]
[Site "Nimes"]
[Date "2009.08.22"]
[Round "11"]
[White "Rigolot, Lucie"]
[Black "Batteau, Valerie"]
[Result "1-0"]
[WhiteElo "1806"]
[BlackElo "1951"]
[PlyCount "71"]
[EventDate "2009.08.10"]
[EventType "tourn"]
[EventRounds "11"]
[EventCountry "FRA"]
[SourceTitle "CBM 132 Extra"]
[Source "ChessBase"]
[SourceDate "2009.11.03"]
[SourceVersion "1"]
[SourceVersionDate "2009.11.03"]
[SourceQuality "1"]

1. e4 e5 2. Nf3 Nc6 3. c3 d5 4. Qa4 dxe4 5. Nxe5 Qd5 6. Bb5 Nge7 7. Nxc6 Nxc6 8. 0-0 f5 9. Re1 a6 10. Bxc6+ bxc6 11. d3 Kf7 12. dxe4 fxe4 13. Bf4 Bd6 14. Rd1 Qb5 15. Qxe4 Bg4 16. f3 Rae8 17. Qc2 Bf5 18. Qc1 Bc5+ 19. Kh1 Re2 20. Nd2 Qb6 21. Nc4 Qb5 22. Ne5+ Kf6 23. b4 Bb6 24. a4 Be3 25. axb5 Bxc1 26. Rdxc1 Rxe5 27. Bxe5+ Kxe5 28. bxa6 Ra8 29. a7 Kd6 30. Ra5 Bc8 31. c4 Bb7 32. Rca1 g6 33. b5 cxb5 34. Rxb5 Kc6 35. Kg1 Rd8 36. Rab1 1-0

[Event "FRA-chB (Women)"]
[Site "Nimes"]
[Date "2009.08.20"]
[Round "9"]
[White "Gertosio Serena, Sophie"]
[Black "Batteau, Valerie"]
[Result "0-1"]
[WhiteElo "1794"]
[BlackElo "1951"]
[PlyCount "80"]
[EventDate "2009.08.10"]
[EventType "tourn"]
[EventRounds "11"]
[EventCountry "FRA"]
[SourceTitle "CBM 132 Extra"]
[Source "ChessBase"]
[SourceDate "2009.11.03"]
[SourceVersion "1"]
[SourceVersionDate "2009.11.03"]
[SourceQuality "1"]

1. e4 e5 2. Nf3 Nc6 3. Bc4 Nf6 4. Nc3 Nxe4 5. Nxe4 d5 6. Bb5 dxe4 7. Nxe5 Qd5 8. Bxc6+ bxc6 9. Ng4 Bd6 10. Ne3 Qg5 11. d3 Qg6 12. dxe4 Qxe4 13. 0-0 0-0 14. Qe2 Be6 15. Re1 Qh4 16. g3 Qf6 17. Kg2 Rfe8 18. c4 Rab8 19. Qd3 Bf5 20. Qf1 Be4+ 21. f3 Bg6 22. Nd1 h5 23. h4 Kf8 24. Bg5 Rxe1 25. Qxe1 Qd4 26. Qf1 Bd3 27. Qg1 Qxc4 28. Ne3 Rxb2+ 29. Kh1 Qa6 30. Qe1 Qb7 31. Qc3 c5 32. Rf1 Bxf1 33. Nxf1 Rb1 34. Qd3 c4 35. Qf5 Rxf1+ 36. Kg2 Rb1 37. Be3 Rb2+ 38. Bf2 Rxf2+ 39. Kxf2 Qb2+ 40. Kf1 g6 0-1

[Event "FRA-chB (Women)"]
[Site "Nimes"]
[Date "2009.08.15"]
[Round "5"]
[White "Forgues, Valerie"]
[Black "Batteau, Valerie"]
[Result "1-0"]
[WhiteElo "2010"]
[BlackElo "1951"]
[PlyCount "69"]
[EventDate "2009.08.10"]
[EventType "tourn"]
[EventRounds "11"]
[EventCountry "FRA"]
[SourceTitle "CBM 132 Extra"]
[Source "ChessBase"]
[SourceDate "2009.11.03"]
[SourceVersion "1"]
[SourceVersionDate "2009.11.03"]
[SourceQuality "1"]

1. e4 e5 2. Nf3 Nc6 3. Bb5 a6 4. Ba4 Nf6 5. 0-0 b5 6. Bb3 Bc5 7. d3 h6 8. c3 d6 9. h3 0-0 10. Re1 Bb7 11. Nbd2 a5 12. a4 b4 13. Nf1 bxc3 14. bxc3 Rb8 15. Bc2 Ne7 16. Ng3 Re8 17. Nh2 d5 18. Ng4 Qd6 19. d4 Nxe4 20. dxc5 Qxc5 21. Nxe4 dxe4 22. Be3 Qxc3 23. Qd2 Qb4 24. Qxb4 axb4 25. Nxe5 Bd5 26. Nd7 Ra8 27. Nc5 Nc6 28. Red1 Rad8 29. a5 f5 30. Ba4 Rf8 31. Nb7 Ne5 32. Nxd8 Rxd8 33. Rxd5 Rxd5 34. Bb3 c6 35. a6 1-0

[Event "FRA-chB (Women)"]
[Site "Nimes"]
[Date "2009.08.12"]
[Round "2"]
[White "Batteau, Valerie"]
[Black "Roumegous, Marina"]
[Result "0-1"]
[WhiteElo "1951"]
[BlackElo "2220"]
[PlyCount "54"]
[EventDate "2009.08.10"]
[EventType "tourn"]
[EventRounds "11"]
[EventCountry "FRA"]
[SourceTitle "CBM 132 Extra"]
[Source "ChessBase"]
[SourceDate "2009.11.03"]
[SourceVersion "1"]
[SourceVersionDate "2009.11.03"]
[SourceQuality "1"]

1. e4 c6 2. Nf3 d5 3. exd5 cxd5 4. Ne5 Nc6 5. d4 Bf5 6. Bb5 Qb6 7. Nc3 e6 8. 0-0 Bd6 9. Bf4 Rd8 10. g4 Bg6 11. h4 f6 12. Nxg6 hxg6 13. Bxd6 Rxd6 14. h5 gxh5 15. gxh5 Kf8 16. Bxc6 Rxc6 17. Na4 Qc7 18. Re1 Qf7 19. Qe2 Rxh5 20. Qd3 Ne7 21. Nc5 Nf5 22. Kf1 Rh4 23. Kg2 Rh5 24. Kf1 b6 25. Qb5 Nxd4 26. Nxe6+ Rxe6 27. Qb4+ Qe7 0-1

[Event "FRA-chB (Women)"]
[Site "Nimes"]
[Date "2009.08.11"]
[Round "1"]
[White "Armas, Lara Maria"]
[Black "Batteau, Valerie"]
[Result "1-0"]
[WhiteElo "1948"]
[BlackElo "1951"]
[PlyCount "77"]
[EventDate "2009.08.10"]
[EventType "tourn"]
[EventRounds "11"]
[EventCountry "FRA"]
[SourceTitle "CBM 132 Extra"]
[Source "ChessBase"]
[SourceDate "2009.11.03"]
[SourceVersion "1"]
[SourceVersionDate "2009.11.03"]
[SourceQuality "1"]

1. d4 e6 2. c4 d5 3. Nc3 Nf6 4. Bg5 Be7 5. e3 0-0 6. Nf3 b6 7. Qc2 Ba6 8. Ne5 c6 9. Bd3 dxc4 10. Nxc4 Nbd7 11. 0-0 h6 12. Bf4 c5 13. Qa4 cxd4 14. exd4 Bxc4 15. Bxc4 Nh5 16. Be3 e5 17. Bd5 Rb8 18. Qxa7 Ndf6 19. dxe5 Nxd5 20. Nxd5 Qxd5 21. Qxe7 Rfe8 22. Qd6 Qxd6 23. exd6 Red8 24. Rfd1 Rd7 25. Rac1 Nf6 26. Rc6 b5 27. Rb6 Rxb6 28. Bxb6 Ne8 29. Bc5 f6 30. Re1 Kf7 31. Re7+ Rxe7 32. dxe7 Nc7 33. Kf1 Nd5 34. b3 f5 35. a4 Nxe7 36. Bxe7 Kxe7 37. a5 Kd7 38. b4 g5 39. Ke2 1-0

[Event "FRA-chT1A 0809"]
[Site "France"]
[Date "2009.02.08"]
[Round "7.8"]
[White "Batteau, Valerie"]
[Black "Einhorn, Olympe"]
[Result "1-0"]
[WhiteElo "1974"]
[BlackElo "1540"]
[PlyCount "63"]
[EventDate "2008.10.19"]
[EventType "team-tourn"]
[EventRounds "11"]
[EventCountry "FRA"]
[SourceTitle "EXT 2010"]
[Source "ChessBase"]
[SourceDate "2010.11.25"]
[SourceVersion "1"]
[SourceVersionDate "2010.11.25"]
[SourceQuality "1"]
[WhiteTeam "Lyon Olympique"]
[BlackTeam "Belfort"]
[WhiteTeamCountry "FRA"]
[BlackTeamCountry "FRA"]

1. e4 e5 2. Nf3 Nc6 3. Bc4 Bc5 4. 0-0 d6 5. c3 Bg4 6. d3 h6 7. b4 Bb6 8. a4 a6 9. Nbd2 Nce7 10. Qb3 Bh5 11. d4 Nf6 12. dxe5 dxe5 13. Nxe5 0-0 14. Re1 Qd6 15. Ndf3 Rad8 16. a5 Ba7 17. Be3 c5 18. Nxf7 Bxf7 19. Bxf7+ Rxf7 20. e5 Qd5 21. c4 Qc6 22. exf6 Qxf6 23. b5 axb5 24. cxb5 b6 25. axb6 Bxb6 26. Ra6 Qd6 27. Nd2 Qc7 28. Nc4 Ba7 29. b6 Bxb6 30. Rxb6 Kh8 31. Rb7 Qc8 32. Ne5 1-0

[Event "FRA-chT3 Gr8 0203"]
[Site "France"]
[Date "2002.12.08"]
[Round "4"]
[White "Batteau, Valerie"]
[Black "Platel, Alexandre"]
[Result "0-1"]
[WhiteElo "1840"]
[BlackElo "2117"]
[PlyCount "84"]
[EventDate "2002.10.??"]
[EventType "team"]
[EventRounds "9"]
[EventCountry "FRA"]
[SourceTitle "EXT 2005"]
[Source "ChessBase"]
[SourceDate "2004.11.15"]
[SourceVersion "1"]
[SourceVersionDate "2004.11.15"]
[SourceQuality "1"]

1. e4 e5 2. Nf3 Nc6 3. d4 exd4 4. Nxd4 Bc5 5. Be3 Qf6 6. c3 Nge7 7. Be2 d5 8. exd5 Nxd5 9. 0-0 Nxe3 10. fxe3 Qh6 11. Bb5 0-0 12. Qf3 Ne5 13. Qf4 Qh5 14. Nd2 Bxd4 15. Qxd4 Ng4 16. h3 Qxb5 17. hxg4 Qxb2 18. Nf3 Qb6 19. Qe4 Qe6 20. Qd3 b6 21. Ng5 Qg6 22. Qxg6 hxg6 23. Rf4 f6 24. Nf3 g5 25. Re4 Bb7 26. Re7 Rf7 27. Rxf7 Kxf7 28. Rd1 Ke7 29. Nd4 g6 30. Kf2 Rd8 31. Ke2 Bxg2 32. Rg1 Bd5 33. Rg3 c5 34. Nb3 Bc4+ 35. Ke1 Rd3 36. Rh3 Bxb3 37. axb3 Rxc3 38. Rh7+ Ke6 39. Kd2 Rxb3 40. Rxa7 Rb4 41. Rb7 f5 42. gxf5+ gxf5 0-1

[Event "FRA-chT3 Gr8 0203"]
[Site "France"]
[Date "2002.11.16"]
[Round "2"]
[White "Batteau, Valerie"]
[Black "Machenski, Jerome"]
[Result "0-1"]
[WhiteElo "1860"]
[BlackElo "2026"]
[PlyCount "126"]
[EventDate "2002.10.??"]
[EventType "team"]
[EventRounds "9"]
[EventCountry "FRA"]
[SourceTitle "EXT 2005"]
[Source "ChessBase"]
[SourceDate "2004.11.15"]
[SourceVersion "1"]
[SourceVersionDate "2004.11.15"]
[SourceQuality "1"]

1. e4 c5 2. Nf3 e6 3. c3 d5 4. exd5 Qxd5 5. d4 Nf6 6. Be2 Be7 7. 0-0 0-0 8. Be3 cxd4 9. cxd4 Nc6 10. Nc3 Qd8 11. Ne5 Nb4 12. Bg5 a6 13. Bf3 Nbd5 14. Nxd5 Nxd5 15. Bxe7 Nxe7 16. Be4 Qd6 17. Qd3 f5 18. Bf3 Rd8 19. Rad1 Nd5 20. Bh5 g6 21. Qg3 f4 22. Qg5 Qe7 23. Qxe7 Nxe7 24. Bf3 Nd5 25. h4 b5 26. h5 gxh5 27. Bxh5 Kg7 28. a3 Bb7 29. Rfe1 Nf6 30. Bf3 Bxf3 31. Nxf3 Rd6 32. Ng5 Re8 33. Rd3 h6 34. Ne4 Nxe4 35. Rxe4 e5 36. b4 Kg6 37. f3 Kf5 38. Kf2 Ree6 39. Rd1 Rxd4 40. Rdxd4 exd4 41. Rxd4 Rc6 42. Rd5+ Kf6 43. Rd3 Kg5 44. Kg1 Kf5 45. Rd5+ Ke6 46. Rh5 Ke7 47. Rh4 Rf6 48. Kf2 Kd6 49. Rh5 Kc6 50. g3 fxg3+ 51. Kxg3 Kb6 52. f4 a5 53. f5 a4 54. Kf4 Rc6 55. Rh3 Kc7 56. Ke5 Kd7 57. f6 Rc1 58. Rf3 Ke8 59. f7+ Kf8 60. Ke6 Rc6+ 61. Kd5 Rg6 62. Kc5 Rg5+ 63. Kd6 h5 0-1

[Event "FRA-chT2"]
[Site "France"]
[Date "2002.02.03"]
[Round "7.9"]
[White "Batteau, Valerie"]
[Black "Hisleur, Gaelle"]
[Result "1/2-1/2"]
[WhiteElo "1810"]
[BlackElo "1880"]
[PlyCount "57"]
[EventDate "2002.??.??"]
[EventType "team"]
[EventRounds "11"]
[EventCountry "FRA"]
[SourceTitle "EXT 2003"]
[Source "ChessBase"]
[SourceDate "2002.11.25"]
[SourceVersion "1"]
[SourceVersionDate "2002.11.25"]
[SourceQuality "1"]

1. e4 e6 2. d4 d5 3. exd5 exd5 4. Bd3 Bd6 5. Nf3 Ne7 6. 0-0 0-0 7. h3 Bf5 8. Bxf5 Nxf5 9. Qd3 Ne7 10. Ng5 Ng6 11. Nc3 c6 12. h4 Re8 13. h5 Nf8 14. Qf3 Qe7 15. Bd2 Nbd7 16. Rae1 Qf6 17. Qg4 h6 18. Nh3 Ne6 19. Ne2 Re7 20. c3 Rae8 21. Ng3 Nef8 22. Rxe7 Rxe7 23. Nf5 Re4 24. Nf4 Bxf4 25. Bxf4 Ne6 26. g3 Nxf4 27. gxf4 Nf8 28. f3 Re2 29. Rf2 1/2-1/2